00506nam a2200193 a 4500001001300000003000900013005001700022008004100039020000900080082001900089100003000108245002500138260003500163300000900198500003500207505002100242650001900263700003000282nice12345678IN_TiNIC20260116011804.0050524s1977 luca grp 000 0 eng  ac1500a915.40304bNAD aNadvi, M S Abul Hasan Ali aSharq Awsat Ki Diary aLucknowbMaktaba Firdousc1977 a460p aincludes index and biblioraphy2 abibl, Ref. Index aArab Countries1 aNadvi, M S Abul Hasan Ali